| 000 | 00956nam a22002657a 4500 | ||
|---|---|---|---|
| 003 | OSt | ||
| 005 | 20251223162036.0 | ||
| 008 | 251223b |||||||| |||| 00| 0 eng d | ||
| 020 | _a9786162150340 | ||
| 040 | _cDCL | ||
| 041 | _aEnglish | ||
| 082 | _a959.70433593 | ||
| 100 | 1 | _a Ruth, Richard A. (Richard Alfred) | |
| 245 | 1 | 0 |
_aIn Buddha's company : _bThai soldiers in the Vietnam War / _cRichard A. Ruth. |
| 260 |
_aYangon : _bUniversities Historical Research Centre, _c2003. |
||
| 300 |
_ax, 275 pages : _billustrations ; _c23 cm. |
||
| 504 | _aIncludes bibliographical references (p. [263]-268) and index | ||
| 650 |
_aVietnam War, 1961-1975 _xParticipation, Thai |
||
| 651 |
_aThailand. Kō̜ngthap Bok _xMilitary life |
||
| 651 |
_aThailand _xPolitics and government _z1945-1988 |
||
| 700 | 0 |
_aThaw Kaung _etranslator |
|
| 700 | 0 |
_aNi Ni Myint _etranslator |
|
| 700 | 0 |
_aTun Aung Chain _eeditor |
|
| 942 |
_2ddc _cSHORT TERM _n0 |
||
| 999 |
_c2799 _d2799 |
||